000 00422nam a2200181Ia 4500
005 20250603145112.0
008 250603s9999 xx 000 0 und d
020 _a978-978-54006-9-4
050 _aKP 81 .O5/
100 _aOlomojobi, Yinka
245 0 _aHuman Rights And Civil Liberties in Nigeria
260 _aLagos
260 _bPrinceton
260 _c2016
300 _a33 p
650 _aLagos
942 _cBK
999 _c40877
_d40877